Countries Under a Dictatorship - Statistics

General Stats
  • This quiz has been taken 251 times
  • The average score is 45 of 57
Answer Stats
Hint Answer % Correct
Eurasia Russia
94%
Asia North Korea
92%
Asia China
91%
North America Cuba
91%
South America Venezuela
91%
Asia Iran
90%
Asia Iraq
89%
Asia Saudi Arabia
88%
Europe Belarus
86%
Africa Libya
86%
Africa Egypt
85%
Africa Democratic Republic of the Congo
84%
Asia Syria
84%
Asia Yemen
84%
Asia Oman
83%
Africa Algeria
82%
Africa Ethiopia
82%
Asia Laos
82%
Africa Sudan
82%
Asia Cambodia
81%
Central America Nicaragua
81%
Africa Somalia
81%
Africa South Sudan
81%
Asia Tajikistan
81%
Asia Turkmenistan
81%
Asia United Arab Emirates
81%
Asia Vietnam
81%
Asia Kazakhstan
80%
Asia Kyrgyzstan
79%
Asia Qatar
79%
Africa Republic of the Congo
79%
Asia Uzbekistan
79%
Asia Afghanistan
77%
Asia Azerbaijan
77%
Asia Bahrain
77%
Africa Chad
77%
Africa Mali
77%
Asia Myanmar
77%
Africa Rwanda
77%
Africa Angola
76%
Africa Central African Republic
76%
North America Haiti
76%
Asia Turkey
76%
Africa Uganda
76%
Africa Eritrea
75%
Asia Jordan
75%
Africa Guinea
73%
Africa Burundi
72%
Asia Brunei
70%
Africa Djibouti
70%
Africa Zimbabwe
70%
Africa Equatorial Guinea
69%
Africa Cameroon
68%
Asia Thailand
66%
Africa Gabon
64%
Africa Eswatini
63%
Africa Western Sahara
16%
No matching quizzes found
Score Distribution
Percent of People with Each Score
Percentile by Number Answered
Your Score History
You have not taken this quiz